MARC

LEADER 00000nab a2200000 a 4500
001 vtls001520037
003 SK-MaSNL
005 20260305041506.0
008 180409c2005 xo |||||||| ||00 b|slo
015 |a SNBRB2005/03  |2 snkbucl 
038 |a SNKBUCL 
040 |a SNKBUCL  |b slo  |c SNKBUCL  |e AACR2 
041 0 |a slo 
044 |a xo  |c SK 
080 |a 94(437.6)  |x "1941/1945"  |2 1997 
080 |a 355.48(437.6)  |x "1941/1945"  |2 1997 
080 |a 355.425.4(437.6)  |x "1941/1945"  |2 1997 
080 |a 94(100)"1939/1945":355.48  |2 1997 
100 1 |a Džmura, Pavel  |4 aut  |9 677832 
245 1 0 |a Z histórie partizánskeho hnutia  |n (2)  |c Pavel Džmura, Vincent Fedor 
300 |b Fotogr. 
500 |a Dokončenie v čísle 4/2005. V č. 2 uvedený ako autor -lav- 
648 7 |a 1941-1945  |2 snkbucl  |9 343097 
650 0 7 |a partizánsky odboj  |z Bardejov (Slovensko : okres)  |y 1941-1944  |2 snkbucl  |9 1619001 
650 0 7 |a protifašistický odboj  |z Bardejov (Slovensko : okres)  |y 1941-1944  |2 snkbucl  |9 1619002 
650 0 7 |a druhá svetová vojna (1939-1945)  |z Bardejov (Slovensko : okres)  |2 snkbucl  |9 177888 
650 0 7 |a Slovenské národné povstanie (1944)  |z Bardejov (Slovensko : okres)  |2 snkbucl  |9 1619003 
651 7 |a Bardejov (Slovensko : okres)  |2 snkbucl  |9 28620 
700 1 |a Fedor, Vincent  |4 aut  |9 7754 
773 0 |t Bojovník  |g Roč. L, č. 3 (2005), s. 6  |x 0323-2018 
852 |a SNK  |b KIS3GCP 
958 |a OS 
999 |c 3343921  |d 3345851